Complex variables and the Laplace transform for engineers (Record no. 13856)

000 -LEADER
fixed length control field 00606nam a22002051 4500
001 - CONTROL NUMBER
control field 13856
003 - CONTROL NUMBER IDENTIFIER
control field BD-DhUET
008 - FIXED-LENGTH DATA ELEMENTS--GENERAL INFORMATION
fixed length control field 840622s1961 nyua b 000 0 eng
040 ## - CATALOGING SOURCE
Original cataloging agency DLC
Transcribing agency DLC
Modifying agency BD-DhUET
082 00 - DEWEY DECIMAL CLASSIFICATION NUMBER
Classification number 517.862
Item number LEP/1961
100 ## - MAIN ENTRY--PERSONAL NAME
Personal name LePage, Wilbur R.
245 10 - TITLE STATEMENT
Title Complex variables and the Laplace transform for engineers
250 ## - EDITION STATEMENT
Edition statement 1st ed.
260 ## - PUBLICATION, DISTRIBUTION, ETC. (IMPRINT)
Place of publication, distribution, etc. Bombay
Name of publisher, distributor, etc. McGraw-Hill
Date of publication, distribution, etc. 1961
300 ## - PHYSICAL DESCRIPTION
Extent xvi, 475 p.
Other physical details ill.
Dimensions 24 cm.
490 ## - SERIES STATEMENT
Series statement International series in pure and applied mathematics
504 ## - BIBLIOGRAPHY, ETC. NOTE
Bibliography, etc Includes bibliographies
650 #0 - SUBJECT ADDED ENTRY--TOPICAL TERM
Topical term or geographic name as entry element Calculus - Complex variables
942 ## - ADDED ENTRY ELEMENTS (KOHA)
Koha item type General Book
Holdings
Sublocation or collection (holding branch) Koha item type Location (home branch) Koha normalized classification for sorting Copy number Lost status Koha date last seen Price effective from Withdrawn status Damaged status Piece designation (barcode) Not for loan Shelving location Date acquired Koha full call number Source of classification or shelving scheme
Central Library, BUETGeneral BookCentral Library, BUET517_862000000000000_LEP_19611 2015-03-052015-03-05  40116 Circulation section2015-03-05517.862/LEP/1961 
Central Library, BUETGeneral BookCentral Library, BUET517_862000000000000_LEP_19612 2015-03-052015-03-05  24385 Circulation section2015-03-05517.862/LEP/1961 
Central Library, BUETGeneral BookCentral Library, BUET517_862000000000000_LEP_19613 2015-03-072015-03-07  6374 Circulation section2015-03-07517.862/LEP/1961 
Central Library, BUETGeneral BookCentral Library, BUET517_862000000000000_LEP_19614 2015-03-072015-03-07  51027 Circulation section2015-03-07517.862/LEP/1961 
Central Library, BUETGeneral BookCentral Library, BUET517_862000000000000_LEP_19615 2015-03-072015-03-07  20963 Circulation section2015-03-07517.862/LEP/1961 
Central Library, BUETGeneral BookCentral Library, BUET517_862000000000000_LEP_19616 2015-03-072015-03-07  42659 Circulation section2015-03-07517.862/LEP/1961 
Central Library, BUETGeneral BookCentral Library, BUET517_862000000000000_LEP_19617 2015-03-072015-03-07  40115 Circulation section2015-03-07517.862/LEP/1961 
Central Library, BUETGeneral BookCentral Library, BUET517_862000000000000_LEP_19618 2015-03-072015-03-07  39671 Circulation section2015-03-07517.862/LEP/1961 
Central Library, BUETGeneral BookCentral Library, BUET517_862000000000000_LEP_19619 2015-03-072015-03-07  39670 Circulation section2015-03-07517.862/LEP/1961 
Central Library, BUETGeneral BookCentral Library, BUET517_862000000000000_LEP_196110 2015-03-072015-03-07  42660 Circulation section2015-03-07517.862/LEP/1961 
Central Library, BUETGeneral BookCentral Library, BUET517_862000000000000_LEP_196111 2015-03-092015-03-09  42661 Circulation section2015-03-09517.862/LEP/1961 
Central Library, BUETGeneral BookCentral Library, BUET517_862000000000000_LEP_196112 2015-03-092015-03-09  51026 Circulation section2015-03-09517.862/LEP/1961 
Central Library, BUETGeneral BookCentral Library, BUET517_862000000000000_LEP_196113 2015-05-032015-05-03  2039 Circulation section2015-05-03517.862/LEP/1961 
Central Library, BUETGeneral BookCentral Library, BUET517_862000000000000_LEP_196114 2015-05-032015-05-03  6375 Circulation section2015-05-03517.862/LEP/1961 
Central Library, BUETGeneral BookCentral Library, BUET517_862000000000000_LEP_196115 2015-05-032015-05-03  2041 Circulation section2015-05-03517.862/LEP/1961 
Central Library, BUETGeneral BookCentral Library, BUET517_862000000000000_LEP_196116 2015-05-032015-05-03  2040 Circulation section2015-05-03517.862/LEP/1961